000 00204 a2200097 4500
001 11933
100 _aMphahlele, E.
245 _aThe African image
260 _a
_bFaber & Feber
_c
090 _c9187
_d9187
942 _aNUST-CAE
_cM
_c36030
999 _c247006
_d247006